| 000 | 00973nam a22002417a 4500 | ||
|---|---|---|---|
| 005 | 20210325205529.0 | ||
| 008 | s2554 th tha d | ||
| 020 | _a9789742889180 | ||
| 041 | _atha | ||
| 090 | _aKS13 ท189ค 2554 | ||
| 100 | 0 | _aทวีเกียรติ มีนะกนิษฐ | |
| 245 | 1 | 0 | _aคำอธิบายกฎหมายอาญา ภาคความผิดและลหุโทษ [7th] |
| 260 | 3 |
_aกรุงเทพฯ : _bวิญญูชน, _c2554 |
|
| 300 |
_a426 หน้า ; _b 26 ซม. |
||
| 650 | 0 | 4 | _aลหุโทษ |
| 650 | 0 | 4 | _aความผิดทางอาญา |
| 650 | 0 | 4 | _aกฎหมายอาญา |
| 850 | _aNALT | ||
| 942 | _cLB | ||
| 997 |
_a39459 ฉ.1 / 39460 ฉ.2 _kVC |
||
| 997 | _c000000000063744 | ||
| 998 | _aนางสาวเบญจลักษณ์ สุทธิวิไล | ||
| 999 |
_c63744 _d63744 |
||